000 00904nam a2200277Ia 4500
001 Para_8038
003 CHAP
008 220125s9999 xx 000 0 und d
010 _a205929
040 _cCHAP
082 _aPA-C 595.75 H4
100 _aMcatee, W.L.
_973350
245 _aKey to the neartic species and varieties of erythroneura (Homoptera, eupterygidae) /
_c by W.L. McAtee
300 _a267-321 p.
440 _aHemiptera; 12
_9172048
500 _aSobretiro de: Trans. Am. Ent. Soc. 46: 267-321, 1918. Encuadernado con otros impresos similares
650 _a
_x Hemípteros
_x colecciones de escritos
_x Erythroneura
_x Cicadelidos
_9172063
710 _aTrans. Am. Ent. Soc. 46
_9172064
901 _aPA-C 595.75 H4
902 _aA
905 _a000000 0000000000 00
910 _a
942 _cPARA
942 _cPARA
_d1
999 _c205929
_d205929